Capitales du monde par drapeaux - Statistiques

Statistiques générales
  • Ce quiz a été pris 103 fois
  • Le résultat moyen est 118 sur 196
Statistiques - réponses
Par images Réponse % Correct
alger
97%
buenos aires
90%
tirana
86%
brasilia
84%
bruxelles
84%
kaboul
84%
vienne
84%
sofia
81%
dacca
79%
pekin
79%
copenhague
78%
ottawa
78%
bogota
76%
Brazzaville
76%
la havane
76%
minsk
76%
prague
76%
santiago
76%
sarajevo
76%
bakou
74%
erevan
74%
Kinshasa
74%
La Paz / Sucre
74%
zagreb
74%
le caire
72%
nicosie
72%
bucarest
71%
ouagadougou
71%
phnom penh
71%
luanda
69%
paris
69%
tokyo
69%
yaoundé
69%
ankara
67%
bandar seri begawan
67%
bangkok
67%
berlin
67%
berne
67%
budapest
67%
doha
67%
lisbonne
67%
londres
67%
madrid
67%
manama
67%
moscou
67%
oslo
67%
panama
67%
praia
67%
Rabat
67%
rome
67%
varsovie
67%
amsterdam
66%
athenes
66%
belmopan
66%
helsinki
66%
jerusalem
66%
lima
66%
montevideo
66%
nairobi
66%
nassau
66%
Pretoria / Le Cap / Bloemfontein
66%
riyad
66%
saint domingue
66%
san jose
66%
seoul
66%
tunis
66%
washington
66%
bagdad
64%
Beyrouth
64%
dublin
64%
kiev
64%
kingston
64%
kingstown
64%
la valette
64%
libreville
64%
mexico
64%
monaco
64%
N'Djamena
64%
new delhi
64%
reykjavik
64%
vatican
64%
chisinau
62%
damas
62%
Islamabad
62%
ljubljana
62%
luxembourg
62%
naypyidaw
62%
porto novo
62%
pyongyang
62%
Singapour
62%
stockholm
62%
teheran
62%
thimphou
62%
abou dabi
60%
Addis-Abeba
60%
amman
60%
andorre la vieille
60%
bissau
60%
dakar
60%
Djibouti
60%
guatemala
60%
Katmandou
60%
Oulan-Bator
60%
Oulan-Bator
60%
quito
60%
saint marin
60%
san salvador
60%
san salvador
60%
skopje
60%
tallinn
60%
tbilissi
60%
bamako
59%
bichkek
59%
bratislava
59%
caracas
59%
koweit
59%
kuala lumpur
59%
Manille
59%
riga
59%
tripoli
59%
vaduz
59%
vilnius
59%
wellington
59%
astana
57%
georgetown
57%
gitega
57%
Hanoï
57%
malé
57%
Mascate
57%
moroni
57%
port-au-prince
57%
victoria
57%
Yamoussoukro
57%
accra
55%
kigali
55%
Niamey
55%
Sanaa
55%
Antananarivo
53%
belgrade
53%
Douchanbé
53%
freetown
53%
lomé
53%
malabo
53%
Malabo
53%
Maputo
53%
podgorica
53%
Port-Louis
53%
pristina
53%
saint george
53%
saint george
53%
sao tomé
53%
Tachkent
53%
tegucigalpa
53%
Vientiane
53%
Windhoek
53%
Abuja
52%
castries
52%
conakry
52%
Nouakchott
52%
port moresby
52%
Sri Jayawardenapura Kotte
52%
Bangui
50%
djouba
50%
Lilongwe
50%
managua
50%
maseru
50%
port d'espagne
50%
asmara
48%
banjul
48%
dodoma
48%
Khartoum
48%
paramaribo
48%
saint john's
48%
Harare
47%
Mogadiscio
47%
monrovia
47%
ngerulmud
47%
port vila
47%
Achgabat
45%
bridgetown
45%
Gaborone
45%
kampala
45%
Lusaka
45%
Mbabane
43%
suva
43%
basseterre
41%
honiara
41%
yaren
41%
apia
40%
majuro
40%
palikir
40%
funafuti
38%
Nukuʻalofa
38%
tarawa-sud
38%
nusantara
19%
asuncion
14%
Aucun quiz correspondant
Distribution des résultats
% des personnes avec chaque résultat
Percentile par nombre de réponses
Votre historique - résultats
Vous n’avez pas pris ce quiz